000 01099nam0a22002891 4500
001 rc\5039
005 20250620111846.0
010 _a5-03-002091-8
_916000
035 _a(NLR Aleph) 005295062
090 _a6230330
_c6230330
100 _a20021204d1992 |||y0rusy50 ca
101 0 _arus
102 _aRU
105 _aa |||||||||
200 1 _aЗащита программного обеспечения
_f[Гроувер Д., Сатер Р., Фипс Дж. и др.]
_gПод ред. Д. Гроувера
_gПер. с англ. В.Г. Потемкина и др.
_gПод ред. В.Г. Потемкина
210 _aМ.
_cМир
_d1992
215 _a286 с.
_cил.
_d21
300 _aАвт. указаны на обороте тит. л.
320 _aБиблиогр. в конце глав
320 _aПредм. указ.: с. 280-283
701 1 _aГроувер
_bД.
_gДеррик
702 1 _aПотемкин
_bВ.Г.
_gВалерий Георгиевич
_4340
801 0 _aRU
_bNLR
_gpsbo
801 1 _aRU
_bELAR
_2rusmarc
852 _aNLR
_j92-5/283
942 _cBOOK
980 _aNB